000 00446nam a2200181Ia 4500
001 20662
005 20260306172822.0
008 260306t2007||||xx |||||||||||||| ||spa||
041 _aESP
082 _a343.6
_bG78 V. 2
100 _aJéze, Gaston
_eAUT
245 0 _aTécnica jurídica, servicio, función pública y sus servidores
260 _c2007
300 _a
_c28 cm.
650 _aGEN
654 _aCDE
942 _cLIB
_dJUS
_fJUS
_2ddc
_n
999 _c20662
_d20662